LEADER 01749nam a2200349 u 4500 001 000000078530 003 CaOOAMICUS 005 20070226123435.0 008 040503s2003 be c u000 u eng u 020 $a90-5867-329-4 035 $a10993109 040 $aPUL(R)$bita 245 00$aHenry of Ghent and the transformation of scholastic thought :$bstudies in memory of Jos Decorte /$cedited by Guy Guldentops, Carlos Steel. 260 $a[Leuven] :$bLeuven University Press,$c2003. 300 $ax, 432 p. :$bill. (ritr.) ;$c24 cm 490 1 $aAncient and medieval philosophy.$aSeries 1 ;$v31 500 $aContiene indici. 504 $aBibliografia in nota. 600 04$aHenricus Gandavensis,$cO.S.M.,$d1217-1293.$0(OLS)http://pul/subject/8095 600 10$aDecorte, Jos,$d1954-2001.$2//eng$0(OLS)http://pul/subject/27359 650 4$aFilosofia$ySec. XII-XIV.$0(OLS)http://pul/subject/27360 650 0$aReligious thought$yMiddle Ages, 600-1500.$2//eng$0(OLS)http://pul/subject/7101 700 1 $aGuldentops, Guy.$0(OLS)http://pul/name/9858 700 1 $aDecorte, Jos,$d1954-2001.$0(OLS)http://pul/name/52286 700 1 $aSteel, Carlos.$0(OLS)http://pul/name/3170 830 0$aAncient and medieval philosophy.$nSeries 1 ;$v31.$0(OLS)http://pul/title/225 850 $aPUL 852 $aPUL$W1$xSL Religione 1$y3$m80 H 31$j100703$nBK-PRI$b $qStampati$B100703$CPULBib$Z2$F100703 $HPUL94767 $81 941 1 $a8 996 $6020$a90-5867-329-4$9(OLS)http://pul/number/102964 996 $6245$aHenry of Ghent and the transformation of scholastic thought :$bstudies in memory of Jos Decorte$9(OLS)http://pul/title/102873 996 $6260$a[Leuven] :$bLeuven University Press$9(OLS)http://pul/publisher/75478 LEADER 00977nam a2200229 i 4500 001 000000105793 003 CaOOAMICUS 005 20070621160846.0 008 070621s1978 it 001 0 ita c 040 $aPUG$bita$dPUL$dES 100 1 $aLéon-Dufour, Xavier,$cS.I.$0(OLS)http://pul/name/10424 240 10$aDictionnaire du Nouveau Testament.$0(OLS)http://pul/title/133175 245 10$aDizionario del Nuovo Testamento /$cXavier Léon-Dufour. 260 $aBrescia :$bQueriniana,$cc1978. 300 $a578 p., [2] c. di tav. :$bill. ;$c25 cm 500 $aIndice p. 565-578 630 04$aBiblia.$pN.T.$xDizionari.$0(OLS)http://pul/subject/13270 850 $aPUL 852 $aPUL$W1$xSL Cons. Gen., Altre Classi 1$y1$m2005 A 9$j118707$qStampati$B118592$CPULBib$Z2$F118592 $H45197 $82 941 1 $a8 996 $6245$aDizionario del Nuovo Testamento$9(OLS)http://pul/title/133174 996 $6260$aBrescia :$bQueriniana$9(OLS)http://pul/publisher/47906